The story of Atomic Theory and Atomic Energy (Record no. 121762)
[ view plain ]
| 000 -LEADER | |
|---|---|
| fixed length control field | 00570nam a22001577a 4500 |
| 008 - FIXED-LENGTH DATA ELEMENTS--GENERAL INFORMATION | |
| fixed length control field | 150119b xxu||||| |||| 00| 0 eng d |
| 050 ## - LIBRARY OF CONGRESS CALL NUMBER | |
| Classification number | QC173.F36 1960 |
| 100 ## - MAIN ENTRY--PERSONAL NAME | |
| Personal name | Feinberg, J.G. |
| 9 (RLIN) | 14212 |
| 245 ## - TITLE STATEMENT | |
| Title | The story of Atomic Theory and Atomic Energy |
| Statement of responsibility, etc | J.G. Feinberg; with illustrations by Lewis and a foreword by Frederick Soddy. |
| 260 ## - PUBLICATION, DISTRIBUTION, ETC. (IMPRINT) | |
| Place of publication, distribution, etc | New York: |
| Name of publisher, distributor, etc | Dover Publications, Inc., |
| Date of publication, distribution, etc | 1960. |
| 300 ## - PHYSICAL DESCRIPTION | |
| Extent | vii, 263p. |
| Dimensions | 20 cm. |
| 500 ## - GENERAL NOTE | |
| General note | Formerly titled: The Atom Story |
| 600 ## - SUBJECT ADDED ENTRY--PERSONAL NAME | |
| Fuller form of name | Feinberg, Joseph George |
| 9 (RLIN) | 14213 |
| 650 ## - SUBJECT ADDED ENTRY--TOPICAL TERM | |
| Topical term or geographic name as entry element | Atony |
| 9 (RLIN) | 14214 |
| 942 ## - ADDED ENTRY ELEMENTS (KOHA) | |
| Source of classification or shelving scheme | Library of Congress Classification |
| Item type | Monograph ( Printed materials) |
| Withdrawn status | Lost status | Source of classification or shelving scheme | Damaged status | Not for loan | Collection code | Home library | Current library | Shelving location | Date acquired | Total Checkouts | Full call number | Barcode | Date last seen | Price effective from | Koha item type |
|---|---|---|---|---|---|---|---|---|---|---|---|---|---|---|---|
| Library of Congress Classification | Main Collection | ARRUPE LIBRARY | ARRUPE LIBRARY | Main Collection | 19/01/2015 | QC173.F36 1960 | 46500003153 | 02/07/2019 | 19/01/2015 | Monograph ( Printed materials) |